00624cam a2200205 a 450000100100000000500170001000800410002702000150006804000350008308200180011810000260013624500590016226000430022130000210026444000150028553400370030065000260033765000300036370000250039300000421520200929151419.0961230s1997 ck 001 f spa  a9580439001 aDO-SdBNPcDLCdDLCdOCoLCdDLC a813.54bG869s1 aGrisham, John.d1955-14aEl socio /cJohn Grisham ; traducción, Eva Zimerman. aSantafé de Bogotá :bNorma,c1997. a453 p. ;c22 cm. 3aEl jurado. aTítulo original : The partner. 4aNovela estadounidense 4aLiteratura estadounidense1 aZimerman, Eva ;etr.